| 000 | 00540nam a2200181 i 4500 | ||
|---|---|---|---|
| 001 | 74484 | ||
| 003 | ES-MaACL | ||
| 005 | 20230906172141.0 | ||
| 007 | t| | ||
| 008 | 040920s1933 sp ||||1| spa d | ||
| 100 | 1 |
_aGonzález Jiménez, Epifanio. _958733 |
|
| 245 | 1 | 0 |
_aFerrocarriles africanos _b: el transahariano / _cE. González Jiménez. |
| 250 | _a1ª ed. | ||
| 260 |
_aMadrid : _b[s.n.], _c1933 ( _fImp. Ministerio de la guerra) |
||
| 300 |
_a225 p., 8 mapas ; _c25 cm. |
||
| 852 |
_aES-MaACL _jA-4758 |
||
| 852 |
_aES-MaACL _jA-1625 |
||
| 999 |
_c74484 _d74484 |
||